[Event "2017 O2C Doeberl Cup"]
[Site "Canberra Australia"]
[Date "2017.04.15"]
[Round "5.6"]
[White "Tao, Trevor"]
[Black "Peng, Shunkai"]
[Result "1-0"]
[LiveChessVersion "1.4.4"]
[BlackElo "2206"]
[WhiteElo "2381"]

1. e4 {[%clk 1:30:51]} e5 {[%clk 1:25:49]} 2. Nf3 {[%clk 1:31:14]} Nf6
{[%clk 1:26:12]} 3. Nc3 {[%clk 1:30:09]} Bb4 {[%clk 1:24:28]} 4. Nxe5
{[%clk 1:28:16]} O-O {[%clk 1:23:46]} 5. Nd3 {[%clk 1:28:01]} Bxc3
{[%clk 1:23:56]} 6. dxc3 {[%clk 1:28:27]} Nxe4 {[%clk 1:23:28]} 7. Be2
{[%clk 1:28:40]} d5 {[%clk 1:18:40]} 8. O-O {[%clk 1:28:52]} c6 {[%clk 1:18:44]}
9. a4 {[%clk 1:24:10]} a5 {[%clk 1:15:28]} 10. Be3 {[%clk 1:22:50]} Nd7
{[%clk 1:13:45]} 11. Re1 {[%clk 1:21:48]} Re8 {[%clk 1:12:41]} 12. Bf1
{[%clk 1:22:03]} Nf8 {[%clk 1:02:29]} 13. Nf4 {[%clk 1:18:47]} Ne6
{[%clk 0:59:35]} 14. Nxe6 {[%clk 1:18:05]} Bxe6 {[%clk 0:59:35]} 15. f3
{[%clk 1:17:53]} Nd6 {[%clk 0:59:15]} 16. b3 {[%clk 1:12:27]} Qc7
{[%clk 0:43:57]} 17. Qd2 {[%clk 1:11:06]} Rad8 {[%clk 0:35:51]} 18. Qf2
{[%clk 1:11:18]} Nc8 {[%clk 0:36:03]} 19. b4 {[%clk 1:04:28]} Rd7
{[%clk 0:36:03]} 20. Bd3 {[%clk 1:04:28]} Qd8 {[%clk 0:25:30]} 21. Bd4
{[%clk 1:04:04]} axb4 {[%clk 0:25:38]} 22. cxb4 {[%clk 1:04:28]} Nd6
{[%clk 0:25:48]} 23. Qg3 {[%clk 1:03:01]} f6 {[%clk 0:23:00]} 24. Bxh7+
{[%clk 1:03:23]} Kxh7 {[%clk 0:21:28]} 25. Rxe6 {[%clk 1:03:46]} Rxe6
{[%clk 0:21:51]} 26. Qh3+ {[%clk 1:04:11]} Kg6 {[%clk 0:22:10]} 27. Qxe6
{[%clk 1:04:35]} Nf5 {[%clk 0:21:46]} 28. Bc5 {[%clk 1:02:01]} Qc7
{[%clk 0:12:28]} 29. Re1 {[%clk 1:00:00]} Rd8 {[%clk 0:11:09]} 30. a5
{[%clk 0:47:45]} Rh8 {[%clk 0:10:47]} 31. h3 {[%clk 0:45:22]} Qf4
{[%clk 0:08:08]} 32. Qe2 {[%clk 0:44:53]} Qg3 {[%clk 0:02:55]} 33. Bf2
{[%clk 0:44:17]} Qf4 {[%clk 0:03:20]} 34. c3 {[%clk 0:44:01]} Qg5
{[%clk 0:03:00]} 35. Kf1 {[%clk 0:37:45]} Qf4 {[%clk 0:02:38]} 36. Qd3
{[%clk 0:36:43]} Kf7 {[%clk 0:02:30]} 37. b5 {[%clk 0:37:00]} Ra8
{[%clk 0:00:41]} 38. bxc6 {[%clk 0:36:28]} bxc6 {[%clk 0:01:06]} 39. a6
{[%clk 0:36:32]} Nd6 {[%clk 0:00:48]} 40. a7 {[%clk 0:34:09]} Qc4
{[%clk 0:00:38]} 41. Qxc4 {[%clk 0:34:31]} dxc4 {[%clk 0:01:06]} 42. Bc5
{[%clk 0:34:26]} Nb5 {[%clk 0:00:46]} 43. Re7+ {[%clk 0:34:49]} Kg6
{[%clk 0:01:00]} 44. Rb7 {[%clk 0:35:06]} Kf5 {[%clk 0:01:07]} 45. Rb8
{[%clk 0:35:03]} Nc7 {[%clk 0:01:35]} 46. Bb6 {[%clk 0:35:04]} g5
{[%clk 0:01:31]} 47. Kf2 {[%clk 0:34:45]} Ke6 {[%clk 0:01:51]} 48. f4
{[%clk 0:30:33]} Kf5 {[%clk 0:01:46]} 49. fxg5 {[%clk 0:30:25]} fxg5
{[%clk 0:02:07]} 50. Kf3 {[%clk 0:30:37]} Kg6 {[%clk 0:02:06]} 51. Kg4
{[%clk 0:30:59]} Kh6 {[%clk 0:02:34]} 52. Bd4 {[%clk 0:30:55]} Kg6
{[%clk 0:02:36]} 53. Be3 {[%clk 0:31:17]} Kf6 {[%clk 0:02:18]} 54. Rxa8
{[%clk 0:31:19]} Nxa8 {[%clk 0:02:47]} 55. Bxg5+ {[%clk 0:31:42]} Kg6
{[%clk 0:02:48]} 56. Bd8 {[%clk 0:32:06]} c5 {[%clk 0:03:06]} 1-0

[Event "2017 O2C Doeberl Cup"]
[Site "Canberra Australia"]
[Date "2017.04.15"]
[Round "5.7"]
[White "Krasenkova, Ilena"]
[Black "Kargosha, Bahman"]
[Result "0-1"]
[LiveChessVersion "1.4.4"]
[BlackElo "2217"]
[WhiteElo "2092"]

1. Nf3 {[%clk 1:30:57]} f5 {[%clk 1:30:35]} 2. d4 {[%clk 1:31:22]} Nf6
{[%clk 1:30:51]} 3. c4 {[%clk 1:31:47]} e6 {[%clk 1:31:12]} 4. Nc3
{[%clk 1:31:54]} Bb4 {[%clk 1:31:18]} 5. Qb3 {[%clk 1:31:33]} a5 {[%clk 1:30:05]}
6. a3 {[%clk 1:31:30]} Bxc3+ {[%clk 1:29:26]} 7. Qxc3 {[%clk 1:30:36]} Ne4
{[%clk 1:27:33]} 8. Qc2 {[%clk 1:30:59]} b6 {[%clk 1:27:40]} 9. Bf4
{[%clk 1:29:04]} O-O {[%clk 1:26:00]} 10. h4 {[%clk 1:28:58]} Bb7
{[%clk 1:25:41]} 11. e3 {[%clk 1:17:29]} d6 {[%clk 1:21:18]} 12. Rd1
{[%clk 1:17:34]} Nd7 {[%clk 1:18:19]} 13. b4 {[%clk 1:11:36]} axb4
{[%clk 1:14:58]} 14. axb4 {[%clk 1:12:01]} Qe7 {[%clk 1:14:34]} 15. Qb2
{[%clk 1:06:01]} Ndf6 {[%clk 0:58:22]} 16. Bg5 {[%clk 1:04:20]} h6
{[%clk 0:57:42]} 17. Bxf6 {[%clk 1:04:45]} Qxf6 {[%clk 0:57:39]} 18. Bd3
{[%clk 1:00:16]} Qg6 {[%clk 0:52:16]} 19. Kf1 {[%clk 0:58:39]} f4
{[%clk 0:42:04]} 20. h5 {[%clk 0:57:53]} Qe8 {[%clk 0:33:21]} 21. Rh4
{[%clk 0:56:19]} Rf5 {[%clk 0:32:35]} 22. Qc2 {[%clk 0:50:03]} d5
{[%clk 0:26:42]} 23. cxd5 {[%clk 0:37:31]} exd5 {[%clk 0:27:06]} 24. Qxc7
{[%clk 0:37:51]} Rf7 {[%clk 0:26:52]} 25. Qxb6 {[%clk 0:22:54]} fxe3
{[%clk 0:17:31]} 26. fxe3 {[%clk 0:20:53]} Ra2 {[%clk 0:13:40]} 27. Re1
{[%clk 0:14:07]} Nd2+ {[%clk 0:10:49]} 28. Kg1 {[%clk 0:14:28]} Rxf3
{[%clk 0:10:03]} 29. Qxb7 {[%clk 0:13:25]} Rxe3 {[%clk 0:08:35]} 30. Qxd5+
{[%clk 0:11:35]} Kh8 {[%clk 0:08:52]} 31. Qxa2 {[%clk 0:04:14]} Rxe1+
{[%clk 0:09:10]} 32. Kh2 {[%clk 0:04:40]} Qb8+ {[%clk 0:08:17]} 33. g3
{[%clk 0:03:49]} Nf3+ {[%clk 0:07:35]} 34. Kg2 {[%clk 0:04:06]} Nxh4+
{[%clk 0:07:35]} 35. gxh4 {[%clk 0:04:33]} Re3 {[%clk 0:06:37]} 36. Be2
{[%clk 0:03:23]} Qg3+ {[%clk 0:06:27]} 37. Kf1 {[%clk 0:03:49]} Ra3
{[%clk 0:04:19]} 38. Qc2 {[%clk 0:02:25]} Ra8 {[%clk 0:04:07]} 39. Bd3
{[%clk 0:00:48]} Ra1+ {[%clk 0:03:27]} 40. Ke2 {[%clk 0:01:02]} Re1+
{[%clk 0:03:12]} 41. Kd2 {[%clk 0:01:27]} Qe3+ {[%clk 0:03:31]} 42. Kc3
{[%clk 0:01:33]} Rc1 {[%clk 0:03:49]} 43. Qxc1 {[%clk 0:01:06]} Qxc1+
{[%clk 0:04:12]} 44. Kb3 {[%clk 0:00:34]} Kg8 {[%clk 0:03:18]} 45. b5
{[%clk 0:01:01]} Qc7 {[%clk 0:03:06]} 46. Bg6 {[%clk 0:25:49]} Kf8
{[%clk 0:33:36]} 47. Kb4 {[%clk 0:26:11]} Ke7 {[%clk 0:33:51]} 48. Be4
{[%clk 0:25:18]} Qf4 {[%clk 0:31:49]} 49. Bc6 {[%clk 0:25:41]} Qxd4+
{[%clk 0:32:09]} 50. Ka5 {[%clk 0:26:04]} Qa7+ {[%clk 0:32:27]} 51. Kb4
{[%clk 0:26:30]} Kd6 {[%clk 0:32:15]} 52. Kc4 {[%clk 0:26:49]} Qa4+
{[%clk 0:32:31]} 53. Kd3 {[%clk 0:27:15]} Qxh4 {[%clk 0:30:34]} 54. Be8
{[%clk 0:27:23]} Kc5 {[%clk 0:30:29]} 55. Bg6 {[%clk 0:26:13]} Kxb5
{[%clk 0:30:52]} 56. Ke3 {[%clk 0:26:42]} Kc5 {[%clk 0:31:11]} 57. Kf3
{[%clk 0:27:09]} Kd4 {[%clk 0:31:32]} 0-1

[Event "2017 O2C Doeberl Cup"]
[Site "Canberra Australia"]
[Date "2017.04.15"]
[Round "5.8"]
[White "Heberla, Bartlomiej"]
[Black "Brown, Andrew"]
[Result "1-0"]
[LiveChessVersion "1.4.4"]
[BlackElo "2326"]
[WhiteElo "2580"]

1. e4 e5 2. Nf3 Nc6 3. Bc4 Bc5 4. c3 d6 5. d4 exd4 6. cxd4 Bb6 7. Bb5 Kf8 8. h3
Qf6 9. Bxc6 bxc6 10. O-O Qg6 11. Qd3 h5 12. Nc3 h4 13. Ne2 Nf6 14. Ng5 Rh5 15. f4
Nxe4 16. Qxe4 Rxg5 17. Qxc6 d5 18. Qxa8 Rxg2+ 19. Kh1 Qe6 20. Kxg2 Qxe2+ 21. Rf2
Qe4+ 22. Kh2 Qf5 23. Rf3 Qc2+ 24. Bd2 Qxd2+ 25. Kh1 Qxb2 26. Qxc8+ Ke7 27. Re1+
Kf6 28. Qd8+ 1-0

[Event "2017 O2C Doeberl Cup"]
[Site "Canberra Australia"]
[Date "2017.04.15"]
[Round "6.1"]
[White "Ganguly, Surya Shekhar"]
[Black "Zhao, Zong-Yuan"]
[Result "1/2-1/2"]
[LiveChessVersion "1.4.4"]
[BlackElo "2539"]
[WhiteElo "2640"]

1. Nf3 d5 {[%clk 1:23:10]} 2. g3 {[%clk 1:31:12]} c6 {[%clk 1:22:58]} 3. Bg2
{[%clk 1:31:35]} Bg4 {[%clk 1:23:21]} 4. O-O {[%clk 1:31:48]} Nd7
{[%clk 1:23:49]} 5. d3 {[%clk 1:31:23]} e6 {[%clk 1:24:12]} 6. h3
{[%clk 1:30:59]} Bh5 {[%clk 1:24:31]} 7. e4 {[%clk 1:31:03]} Bd6 {[%clk 1:22:55]}
8. exd5 {[%clk 1:30:59]} cxd5 {[%clk 1:12:08]} 9. c4 {[%clk 1:31:15]} Ngf6
{[%clk 1:12:00]} 10. Nc3 {[%clk 1:29:59]} dxc4 {[%clk 0:59:47]} 11. dxc4
{[%clk 1:29:27]} Be7 {[%clk 0:59:27]} 12. g4 {[%clk 1:25:07]} Bg6
{[%clk 0:59:41]} 13. Nh4 {[%clk 1:25:28]} Qc8 {[%clk 0:47:20]} 14. b3
{[%clk 1:15:23]} O-O {[%clk 0:42:51]} 15. Qf3 Rb8 16. Bf4 {[%clk 1:14:00]} e5
{[%clk 0:42:39]} 17. Bg3 {[%clk 1:14:20]} Bc5 {[%clk 0:41:22]} 18. Nxg6
{[%clk 1:11:02]} hxg6 {[%clk 0:41:28]} 19. Rad1 {[%clk 1:11:21]} Re8
{[%clk 0:40:12]} 20. Rfe1 {[%clk 1:07:09]} a6 {[%clk 0:36:18]} 21. h4
{[%clk 0:49:35]} Bd4 {[%clk 0:32:15]} 22. g5 {[%clk 0:48:57]} Nh5
{[%clk 0:32:35]} 23. Ne4 {[%clk 0:49:13]} Qc6 {[%clk 0:28:20]} 24. Rxd4
{[%clk 0:47:19]} exd4 {[%clk 0:27:10]} 25. Bxb8 {[%clk 0:47:43]} Rxb8
{[%clk 0:22:42]} 26. Qd1 {[%clk 0:40:49]} Qb6 {[%clk 0:19:47]} 27. Qd2
{[%clk 0:40:59]} Rd8 {[%clk 0:19:24]} 28. b4 {[%clk 0:40:49]} a5 {[%clk 0:11:35]}
29. bxa5 {[%clk 0:39:00]} Qc7 {[%clk 0:10:14]} 30. Qxd4 {[%clk 0:38:51]} Nf4
{[%clk 0:09:23]} 31. Nd6 {[%clk 0:28:36]} Qxa5 {[%clk 0:08:39]} 32. Re3
{[%clk 0:21:05]} Nxg2 {[%clk 0:03:24]} 33. Kxg2 {[%clk 0:21:25]} Qc5
{[%clk 0:03:02]} 34. Qxc5 {[%clk 0:16:57]} Nxc5 {[%clk 0:03:30]} 35. Re8+
{[%clk 0:17:17]} Rxe8 {[%clk 0:03:57]} 36. Nxe8 {[%clk 0:17:41]} Kf8
{[%clk 0:03:31]} 37. Nc7 {[%clk 0:18:06]} Ne4 {[%clk 0:02:18]} 38. Nd5
{[%clk 0:11:04]} Nd2 {[%clk 0:01:02]} 39. Ne3 {[%clk 0:05:01]} Ke7
{[%clk 0:01:05]} 40. f4 {[%clk 0:02:24]} Kd6 {[%clk 0:00:44]} 41. h5
{[%clk 0:23:29]} gxh5 {[%clk 0:25:40]} 42. Nf5+ {[%clk 0:23:53]} Kc5
{[%clk 0:15:21]} 43. Nxg7 {[%clk 0:24:15]} Nxc4 {[%clk 0:15:32]} 44. Nxh5
{[%clk 0:23:51]} Kb4 {[%clk 0:12:38]} 45. Kf3 {[%clk 0:22:50]} Ka3
{[%clk 0:10:32]} 46. Ke4 {[%clk 0:22:00]} Kxa2 {[%clk 0:10:42]} 47. Kd4
{[%clk 0:21:35]} Kb3 {[%clk 0:03:08]} 48. f5 {[%clk 0:20:57]} Nd6
{[%clk 0:02:50]} 49. f6 {[%clk 0:20:01]} b5 {[%clk 0:02:31]} 50. Kd5
{[%clk 0:16:56]} Nf5 {[%clk 0:02:21]} 51. Ke4 {[%clk 0:08:02]} Nh4
{[%clk 0:01:44]} 52. Nf4 {[%clk 0:08:04]} Kc3 {[%clk 0:00:43]} 53. g6
{[%clk 0:06:04]} Nxg6 {[%clk 0:01:10]} 54. Nxg6 {[%clk 0:06:29]} b4
{[%clk 0:01:39]} 55. Nf4 {[%clk 0:05:33]} b3 {[%clk 0:01:59]} 56. Nd5+
{[%clk 0:05:08]} Kc4 {[%clk 0:01:07]} 57. Ne3+ {[%clk 0:05:28]} Kc5
{[%clk 0:00:42]} 58. Nd1 {[%clk 0:05:25]} Kc4 {[%clk 0:00:36]} 59. Ke5
{[%clk 0:05:14]} Kd3 {[%clk 0:00:37]} 60. Kd5 {[%clk 0:05:00]} Kc2
{[%clk 0:00:31]} 61. Ne3+ {[%clk 0:05:23]} Kd3 {[%clk 0:00:47]} 62. Nc4
{[%clk 0:05:45]} Kc3 {[%clk 0:00:51]} 63. Kc5 {[%clk 0:05:57]} Kd3
{[%clk 0:00:54]} 64. Kd5 {[%clk 0:01:34]} Kc3 {[%clk 0:01:12]} 65. Nb6
{[%clk 0:01:32]} Kb4 {[%clk 0:00:37]} 66. Kd4 {[%clk 0:01:52]} b2
{[%clk 0:00:37]} 67. Nd5+ {[%clk 0:02:20]} Kb3 {[%clk 0:00:37]} 68. Nc3
{[%clk 0:02:47]} Kb4 {[%clk 0:00:35]} 69. Nb1 {[%clk 0:02:45]} Kb3
{[%clk 0:00:39]} 70. Nd2+ {[%clk 0:03:05]} Kb4 {[%clk 0:01:02]} 71. Kd5
{[%clk 0:02:48]} Kc3 {[%clk 0:01:00]} 72. Nb1+ {[%clk 0:03:12]} Kb3
{[%clk 0:00:33]} 73. Kd4 {[%clk 0:02:56]} Kb4 {[%clk 0:00:40]} 74. Nd2
{[%clk 0:01:23]} Kb5 {[%clk 0:00:44]} 75. Kd5 {[%clk 0:01:28]} Kb4
{[%clk 0:01:05]} 76. Nb1 {[%clk 0:01:51]} Kb3 {[%clk 0:01:02]} 77. Kc5
{[%clk 0:01:09]} Kc2 {[%clk 0:00:38]} 78. Na3+ {[%clk 0:01:37]} Kc3
{[%clk 0:00:41]} 79. Kd5 {[%clk 0:02:06]} Kb4 {[%clk 0:00:49]} 80. Nb1
{[%clk 0:02:35]} Kb3 {[%clk 0:01:03]} 81. Kd4 {[%clk 0:02:33]} Kb4
{[%clk 0:01:15]} 82. Nc3 {[%clk 0:01:02]} Kb3 {[%clk 0:01:33]} 83. Kd3
{[%clk 0:01:00]} Kb4 {[%clk 0:01:51]} 84. Kc2 {[%clk 0:00:46]} Kc4
{[%clk 0:01:27]} 85. Ne4 {[%clk 0:00:55]} Kd5 {[%clk 0:01:33]} 86. Ng5
{[%clk 0:01:18]} Ke5 {[%clk 0:01:52]} 87. Nxf7+ {[%clk 0:01:46]} Kxf6
{[%clk 0:02:21]} 88. Kxb2 {[%clk 0:02:14]} 1/2-1/2

[Event "2017 O2C Doeberl Cup"]
[Site "Canberra Australia"]
[Date "2017.04.15"]
[Round "6.2"]
[White "Tao, Trevor"]
[Black "Krasenkow, Michal"]
[Result "0-1"]
[LiveChessVersion "1.4.4"]
[BlackElo "2620"]
[WhiteElo "2381"]

1. e4 c5 {[%clk 1:29:57]} 2. Nf3 {[%clk 1:31:14]} Nc6 {[%clk 1:30:25]} 3. Bb5
{[%clk 1:31:39]} e6 {[%clk 1:30:52]} 4. O-O {[%clk 1:31:34]} Nge7
{[%clk 1:31:20]} 5. b3 {[%clk 1:30:47]} Ng6 {[%clk 1:30:01]} 6. Bb2
{[%clk 1:27:25]} f6 {[%clk 1:30:26]} 7. Bxc6 {[%clk 1:22:06]} bxc6
{[%clk 1:30:49]} 8. e5 {[%clk 1:22:26]} Be7 {[%clk 1:31:11]} 9. Na3
{[%clk 1:22:28]} fxe5 {[%clk 1:30:04]} 10. Nxe5 {[%clk 1:22:53]} Nxe5
{[%clk 1:30:31]} 11. Bxe5 {[%clk 1:23:16]} O-O {[%clk 1:30:57]} 12. f4
{[%clk 1:21:09]} d6 {[%clk 1:25:52]} 13. Bc3 {[%clk 1:21:23]} Rf7
{[%clk 1:21:29]} 14. Nc4 {[%clk 1:19:36]} Bd7 {[%clk 1:19:19]} 15. Rf2
{[%clk 1:15:01]} Qf8 {[%clk 1:11:00]} 16. Qg4 {[%clk 1:15:21]} Kh8
{[%clk 1:07:40]} 17. Raf1 {[%clk 1:15:16]} Bf6 {[%clk 1:08:04]} 18. Qg3
{[%clk 1:13:58]} Be7 {[%clk 1:01:53]} 19. Qd3 {[%clk 1:13:21]} Rd8
{[%clk 0:59:26]} 20. Rf3 {[%clk 1:13:32]} Bc8 {[%clk 0:59:09]} 21. Na5
{[%clk 1:11:34]} Bf6 {[%clk 0:57:56]} 22. Nxc6 {[%clk 1:11:06]} Rdd7
{[%clk 0:58:18]} 23. Na5 {[%clk 1:10:01]} Qd8 {[%clk 0:58:06]} 24. Nc4
{[%clk 1:09:58]} Ba6 {[%clk 0:56:35]} 25. Rh3 {[%clk 1:09:12]} h6
{[%clk 0:56:16]} 26. Qe4 {[%clk 0:56:01]} Bxc3 {[%clk 0:55:02]} 27. Rxc3
{[%clk 0:56:09]} d5 {[%clk 0:55:19]} 28. Qxe6 {[%clk 0:55:46]} Rf6
{[%clk 0:55:37]} 29. Qe1 {[%clk 0:55:17]} dxc4 {[%clk 0:55:50]} 30. Rf2
{[%clk 0:55:39]} Re7 {[%clk 0:50:49]} 31. Re3 {[%clk 0:56:02]} Rxe3
{[%clk 0:49:36]} 32. Qxe3 {[%clk 0:56:24]} Qd4 {[%clk 0:47:01]} 33. Qe8+
{[%clk 0:52:52]} Kh7 {[%clk 0:47:30]} 34. c3 {[%clk 0:53:17]} Qd5
{[%clk 0:44:31]} 35. h4 {[%clk 0:50:55]} cxb3 {[%clk 0:42:34]} 36. axb3
{[%clk 0:51:21]} Re6 {[%clk 0:42:54]} 37. Qf8 {[%clk 0:51:41]} Re1+
{[%clk 0:41:21]} 38. Kh2 {[%clk 0:52:06]} Bb7 {[%clk 0:40:04]} 39. Qb8
{[%clk 0:50:54]} Qh5 {[%clk 0:37:24]} 40. Qd8 {[%clk 0:51:00]} Be4
{[%clk 0:37:45]} 41. Qe7 {[%clk 0:50:55]} Re2 {[%clk 0:36:29]} 42. Kg1
{[%clk 0:51:06]} Qg4 {[%clk 0:36:10]} 43. d3 {[%clk 0:49:22]} Re1+
{[%clk 0:35:36]} 44. Kh2 {[%clk 0:49:46]} Bxg2 {[%clk 0:35:57]} 0-1

[Event "2017 O2C Doeberl Cup"]
[Site "Canberra Australia"]
[Date "2017.04.15"]
[Round "6.3"]
[White "Clarke, Brandon G I"]
[Black "Heberla, Bartlomiej"]
[Result "1/2-1/2"]
[LiveChessVersion "1.4.4"]
[BlackElo "2580"]
[WhiteElo "2298"]

1. e4 {[%clk 1:30:51]} c5 {[%clk 1:26:23]} 2. Nf3 {[%clk 1:31:11]} e6
{[%clk 1:25:48]} 3. d4 {[%clk 1:31:29]} cxd4 {[%clk 1:26:14]} 4. Nxd4
{[%clk 1:31:54]} Nf6 {[%clk 1:26:38]} 5. Nc3 {[%clk 1:32:03]} d6 {[%clk 1:26:08]}
6. g4 {[%clk 1:32:25]} h6 {[%clk 1:26:32]} 7. h4 {[%clk 1:32:46]} Nc6
{[%clk 1:26:55]} 8. Rg1 {[%clk 1:32:12]} h5 {[%clk 1:26:44]} 9. gxh5
{[%clk 1:32:20]} Rxh5 {[%clk 1:27:06]} 10. Bg5 {[%clk 1:32:20]} Rh8
{[%clk 1:27:33]} 11. Qd2 {[%clk 1:29:42]} Qb6 {[%clk 1:27:24]} 12. O-O-O
{[%clk 1:28:41]} a6 {[%clk 1:18:10]} 13. Nf3 {[%clk 1:18:44]} Qa5
{[%clk 1:08:03]} 14. Kb1 {[%clk 1:07:22]} Bd7 {[%clk 1:07:26]} 15. Qe3
{[%clk 0:46:23]} Qc7 {[%clk 0:57:57]} 16. Bf4 {[%clk 0:43:16]} Ne5
{[%clk 0:49:58]} 17. Bg3 {[%clk 0:38:13]} b5 {[%clk 0:34:43]} 18. Bd3
{[%clk 0:22:50]} Nfg4 {[%clk 0:26:15]} 19. Qf4 {[%clk 0:22:12]} Rc8
{[%clk 0:25:08]} 20. Nxe5 {[%clk 0:20:44]} Nxe5 {[%clk 0:25:35]} 21. Qe3
{[%clk 0:20:24]} Qc5 {[%clk 0:24:23]} 22. Qxc5 {[%clk 0:18:54]} Rxc5
{[%clk 0:24:46]} 23. a3 {[%clk 0:16:56]} Be7 {[%clk 0:19:11]} 24. Be2
{[%clk 0:16:11]} g6 {[%clk 0:19:33]} 25. Rh1 {[%clk 0:14:59]} a5 {[%clk 0:19:13]}
26. Na2 {[%clk 0:07:59]} Nc4 {[%clk 0:14:54]} 27. Nc1 {[%clk 0:08:01]} Bf6
{[%clk 0:10:23]} 28. Nd3 {[%clk 0:05:24]} Rc8 {[%clk 0:10:44]} 29. h5
{[%clk 0:04:13]} Bc6 {[%clk 0:08:51]} 30. hxg6 {[%clk 0:03:38]} Rxh1
{[%clk 0:09:18]} 31. Rxh1 {[%clk 0:04:07]} Bxe4 {[%clk 0:09:34]} 32. gxf7+
{[%clk 0:04:17]} Kxf7 {[%clk 0:10:01]} 33. Rh5 {[%clk 0:04:07]} Nxb2
{[%clk 0:06:11]} 34. Rxb5 {[%clk 0:04:05]} Nc4 {[%clk 0:05:55]} 35. Kc1
{[%clk 0:03:05]} Nxa3 {[%clk 0:03:50]} 36. Rxa5 {[%clk 0:03:34]} Rxc2+
{[%clk 0:03:09]} 37. Kd1 {[%clk 0:04:03]} Rc3 {[%clk 0:01:48]} 38. Bh5+
{[%clk 0:04:33]} Kg8 {[%clk 0:01:28]} 39. Nf4 {[%clk 0:04:43]} Nc4
{[%clk 0:00:48]} 40. Rb5 {[%clk 0:03:34]} e5 {[%clk 0:00:39]} 41. Ne6
{[%clk 0:30:01]} Kh7 {[%clk 0:18:56]} 42. Be2 {[%clk 0:24:27]} Bc2+
{[%clk 0:14:14]} 43. Ke1 {[%clk 0:24:52]} Bf5 {[%clk 0:14:32]} 44. Rb7+
{[%clk 0:12:22]} Kh6 {[%clk 0:14:46]} 45. Bxc4 {[%clk 0:11:39]} Rxc4
{[%clk 0:15:01]} 46. Nf8 {[%clk 0:10:28]} Rc1+ {[%clk 0:08:08]} 47. Ke2
{[%clk 0:10:41]} Rc2+ {[%clk 0:08:31]} 48. Kf3 {[%clk 0:07:40]} Rc3+
{[%clk 0:07:15]} 49. Ke2 {[%clk 0:08:07]} Bg5 {[%clk 0:05:44]} 50. Rb6
{[%clk 0:05:23]} Bd3+ {[%clk 0:03:47]} 51. Kf3 {[%clk 0:05:52]} Be7
{[%clk 0:04:02]} 52. Bxe5 {[%clk 0:05:49]} 1/2-1/2

[Event "2017 O2C Doeberl Cup"]
[Site "Canberra Australia"]
[Date "2017.04.15"]
[Round "6.4"]
[White "Kargosha, Bahman"]
[Black "Ly, Moulthun"]
[Result "1/2-1/2"]
[LiveChessVersion "1.4.4"]
[BlackElo "2486"]
[WhiteElo "2217"]

1. d4 {[%clk 1:30:56]} Nf6 {[%clk 1:30:48]} 2. Nf3 {[%clk 1:31:18]} e6
{[%clk 1:29:38]} 3. Bg5 {[%clk 1:31:37]} h6 {[%clk 1:29:03]} 4. Bh4
{[%clk 1:28:47]} c5 {[%clk 1:29:01]} 5. e3 {[%clk 1:28:42]} Nc6 {[%clk 1:28:59]}
6. Nbd2 {[%clk 1:27:50]} cxd4 {[%clk 1:27:44]} 7. exd4 {[%clk 1:27:50]} d6
{[%clk 1:27:56]} 8. c3 {[%clk 1:26:06]} g5 {[%clk 1:28:08]} 9. Bg3
{[%clk 1:26:15]} Nh5 {[%clk 1:28:27]} 10. Bd3 {[%clk 1:17:40]} Nxg3
{[%clk 1:26:36]} 11. hxg3 {[%clk 1:17:44]} Bg7 {[%clk 1:27:00]} 12. Qe2
{[%clk 1:16:35]} Qe7 {[%clk 1:26:13]} 13. Nc4 {[%clk 1:07:52]} g4
{[%clk 1:17:57]} 14. Nfd2 {[%clk 1:07:12]} h5 {[%clk 1:16:37]} 15. Ne4
{[%clk 1:03:54]} d5 {[%clk 1:16:59]} 16. Ned6+ {[%clk 0:58:02]} Kd8
{[%clk 1:14:17]} 17. Ne5 {[%clk 0:55:48]} Bxe5 {[%clk 1:12:06]} 18. dxe5
{[%clk 0:51:04]} f6 {[%clk 1:12:30]} 19. Nxc8 {[%clk 0:40:06]} Rxc8
{[%clk 1:12:51]} 20. exf6 {[%clk 0:39:40]} Qxf6 {[%clk 1:13:14]} 21. O-O-O
{[%clk 0:38:59]} Kc7 {[%clk 1:13:22]} 22. Rhe1 {[%clk 0:34:51]} Rce8
{[%clk 1:10:44]} 23. Bb5 {[%clk 0:34:58]} Rhf8 {[%clk 1:10:28]} 24. Rd2
{[%clk 0:34:25]} e5 {[%clk 1:01:52]} 25. Rxd5 {[%clk 0:29:19]} Qxf2
{[%clk 0:59:50]} 26. Qe4 {[%clk 0:27:29]} Qxg3 {[%clk 0:56:18]} 27. Bxc6
{[%clk 0:24:36]} bxc6 {[%clk 0:56:17]} 28. Rxe5 {[%clk 0:22:56]} Qxe5
{[%clk 0:55:41]} 29. Qxe5+ {[%clk 0:23:19]} Rxe5 {[%clk 0:56:05]} 30. Rxe5
{[%clk 0:23:44]} h4 {[%clk 0:49:35]} 31. Rh5 {[%clk 0:14:56]} Rf2
{[%clk 0:45:22]} 32. Rxh4 {[%clk 0:14:37]} Rxg2 {[%clk 0:45:41]} 33. Rh7+
{[%clk 0:13:40]} Kb6 {[%clk 0:43:57]} 34. Rh5 {[%clk 0:10:15]} g3
{[%clk 0:33:17]} 35. Rg5 {[%clk 0:10:15]} Kc7 {[%clk 0:32:57]} 36. a4
{[%clk 0:06:06]} Kd6 {[%clk 0:31:45]} 37. b4 {[%clk 0:05:09]} Ke6
{[%clk 0:30:05]} 38. b5 {[%clk 0:05:03]} cxb5 {[%clk 0:30:25]} 39. axb5
{[%clk 0:04:53]} Kf6 {[%clk 0:30:47]} 40. Rg8 {[%clk 0:05:35]} Ke5
{[%clk 0:29:15]} 41. Kd1 {[%clk 0:24:54]} Kf4 {[%clk 0:49:02]} 42. Ke1
{[%clk 0:13:46]} Rb2 {[%clk 0:45:40]} 43. Kf1 {[%clk 0:10:59]} Rxb5
{[%clk 0:45:40]} 44. Ra8 {[%clk 0:09:08]} Rb7 {[%clk 0:32:12]} 45. Kg2
{[%clk 0:08:53]} Rb2+ {[%clk 0:26:05]} 46. Kg1 {[%clk 0:09:16]} Ra2
{[%clk 0:26:28]} 47. Rf8+ {[%clk 0:09:09]} Ke4 {[%clk 0:26:28]} 48. Rg8
{[%clk 0:09:24]} Kf4 {[%clk 0:22:32]} 49. Rf8+ {[%clk 0:09:40]} Ke5
{[%clk 0:21:44]} 50. Rg8 {[%clk 0:10:00]} g2 {[%clk 0:22:03]} 51. Rd8
{[%clk 0:10:26]} Ke6 {[%clk 0:11:16]} 52. c4 {[%clk 0:10:45]} Ke7
{[%clk 0:11:11]} 53. Rd3 {[%clk 0:10:56]} a5 {[%clk 0:11:02]} 54. Rd4
{[%clk 0:07:13]} Rc2 {[%clk 0:05:12]} 55. Rd5 {[%clk 0:06:30]} a4
{[%clk 0:05:29]} 56. Ra5 {[%clk 0:06:11]} Ra2 {[%clk 0:05:43]} 57. Rd5
{[%clk 0:05:09]} Ke6 {[%clk 0:04:14]} 58. Rd3 {[%clk 0:04:22]} Ke5
{[%clk 0:02:52]} 59. c5 {[%clk 0:03:26]} Rc2 {[%clk 0:02:55]} 60. Ra3
{[%clk 0:03:12]} Rc4 {[%clk 0:03:15]} 61. c6 {[%clk 0:02:17]} Kd6
{[%clk 0:03:38]} 62. c7 {[%clk 0:02:42]} Kxc7 {[%clk 0:04:01]} 63. Kxg2
{[%clk 0:03:03]} Kb6 {[%clk 0:04:20]} 64. Kf2 {[%clk 0:03:10]} Kb5
{[%clk 0:04:40]} 65. Ke2 {[%clk 0:02:59]} Kb4 {[%clk 0:04:53]} 66. Ra1
{[%clk 0:02:01]} Kc3 {[%clk 0:02:46]} 67. Rc1+ {[%clk 0:00:49]} Kb3
{[%clk 0:03:09]} 68. Rxc4 {[%clk 0:00:59]} Kxc4 {[%clk 0:03:30]} 69. Kd2
{[%clk 0:01:22]} 1/2-1/2